000 00600nam a2200181 4500
999 _c170561
_d170561
005 20191217163124.0
010 _aENG-127180
020 _a9789351951520
_c499.00
035 _aEN-110712
037 _bDBAD/PUB
082 _a954.08
100 _aGupta, Archana Garodia
245 _athe women who ruled India :
_cby Harsh V.Pant
_bleaders. warriors. icons. /
260 _aGurugram
_bHachette Book Publishing
_c2019
270 _a4th & 5th Floors, Corporate Centre, Plot No.94, Sector 44
_bGurugram
_e122003
300 _aix;299p .
_c19cm(pbk)
942 _2ddc
_cEN
_h954.08
_mGUP